000
00514nam a2200145Ia 4500
008
151213s9999 xx 000 0 und d
100
_a
মোবাশ্বের আলী।
245
_a
শিল্পির ট্রাজেডি
_c
মোবাশ্বের আলী।
260
_a
ঢাকা
_b
বাংলা একাডেমী।
_c
1985
300
_a
8713 p.
650
_a
Bangla
650
_a
ট্রাজেডি।
700
_a
মোবাশ্বের আলী।
999
_c
4499
_d
4499